[Event "Napoli Vomero Christmas 6th"]
[Site "Napoli"]
[Date "2010.12.03"]
[Round "5"]
[White "Schiappoli, Dario"]
[Black "Pinto, Gaetano"]
[Result "0-1"]
[WhiteElo "1955"]
[BlackElo "2041"]
[PlyCount "74"]
[EventDate "2010.11.05"]
[EventType "swiss"]
[EventRounds "6"]
[EventCountry "ITA"]
[SourceTitle "EXT 2024"]
[Source "ChessBase"]
[SourceDate "2023.10.10"]
[SourceVersion "1"]
[SourceVersionDate "2023.10.10"]
[SourceQuality "1"]

1. e4 e6 2. Nf3 d5 3. e5 c5 4. b4 cxb4 5. d4 Bd7 6. Bd3 Ne7 7. h4 Nbc6 8. g4 a6 9. Nbd2 Na7 10. Nb3 Bb5 11. Nc5 Rb8 12. Bxh7 b6 13. Nxe6 fxe6 14. Ng5 Qc8 15. Bd2 Rxh7 16. Qf3 Rh6 17. Bxb4 Qc4 18. c3 Qd3 19. Qxd3 Bxd3 20. Kd2 Bc4 21. f4 Kd7 22. Nf7 Nec6 23. Bxf8 Rxf8 24. Nxh6 gxh6 25. Ke3 Ne7 26. Rh2 Nb5 27. Rb1 Kc6 28. Rhb2 Ng6 29. a4 Rxf4 30. axb5+ Bxb5 31. h5 Re4+ 32. Kf2 Nf4 33. Kg3 Ne2+ 34. Kf3 Rf4+ 35. Ke3 Rxg4 36. c4 Re4+ 37. Kf3 Nxd4+ 0-1

[Event "Napoli Vomero Christmas 6th"]
[Site "Napoli"]
[Date "2010.11.12"]
[Round "2"]
[White "Pinto, Gaetano"]
[Black "Esposito, Rosario"]
[Result "0-1"]
[WhiteElo "2041"]
[BlackElo "1822"]
[PlyCount "44"]
[EventDate "2010.11.05"]
[EventType "swiss"]
[EventRounds "6"]
[EventCountry "ITA"]
[SourceTitle "EXT 2024"]
[Source "ChessBase"]
[SourceDate "2023.10.10"]
[SourceVersion "1"]
[SourceVersionDate "2023.10.10"]
[SourceQuality "1"]

1. d4 Nf6 2. Nf3 g6 3. c3 Bg7 4. Bg5 d6 5. Nbd2 Nbd7 6. e4 0-0 7. Be2 b6 8. 0-0 Bb7 9. Qc2 Rc8 10. Rac1 c5 11. Qb1 Rc7 12. Bd3 Qa8 13. e5 dxe5 14. dxe5 Nd5 15. c4 Nb4 16. Bxe7 Nxd3 17. Qxd3 Nxe5 18. Nxe5 Rxe7 19. Nef3 Rd8 20. Qc2 Re2 21. Rce1 Bxf3 22. gxf3 Rexd2 0-1

[Event "Napoli Vomero Septembre 7th"]
[Site "Napoli"]
[Date "2010.09.17"]
[Round "2"]
[White "Pinto, Gaetano"]
[Black "Franzese, Luigi"]
[Result "1-0"]
[WhiteElo "2048"]
[BlackElo "1808"]
[PlyCount "91"]
[EventDate "2010.09.10"]
[EventType "swiss"]
[EventRounds "7"]
[EventCountry "ITA"]
[SourceTitle "EXT 2024"]
[Source "ChessBase"]
[SourceDate "2023.10.10"]
[SourceVersion "1"]
[SourceVersionDate "2023.10.10"]
[SourceQuality "1"]

1. e4 c5 2. c3 d6 3. d4 cxd4 4. cxd4 Nf6 5. Nc3 e6 6. Nf3 Be7 7. Bd3 a6 8. 0-0 0-0 9. Qe2 Nc6 10. Bf4 Bd7 11. Rac1 Rc8 12. Rfd1 b5 13. h3 Qb6 14. e5 Ne8 15. Ne4 f5 16. exf6 gxf6 17. d5 Nb4 18. dxe6 Rxc1 19. Bxc1 Nxd3 20. Rxd3 Bc6 21. Nd4 Bxe4 22. Qxe4 Kh8 23. Nf5 Qc7 24. Rc3 Qd8 25. Rg3 d5 26. Qg4 Bd6 27. Nxd6 Qxd6 28. Bh6 Qe7 29. Bxf8 Qxf8 30. Qf5 Qd6 31. Rd3 d4 32. Qe4 Qe5 33. Rxd4 Qxe4 34. Rxe4 Kg7 35. Rd4 Kf8 36. Rd7 h5 37. Ra7 a5 38. Rxa5 Nd6 39. Ra7 Ke8 40. Rd7 Nc4 41. b3 Ne5 42. Rb7 b4 43. Rxb4 Ke7 44. Re4 Nd3 45. Re3 Nc5 46. f4 1-0

[Event "Napoli Vomero Summer op 4th"]
[Site "Napoli"]
[Date "2010.06.03"]
[Round "4"]
[White "Rosato, Luciano"]
[Black "Pinto, Gaetano"]
[Result "1-0"]
[WhiteElo "2255"]
[BlackElo "2048"]
[PlyCount "49"]
[EventDate "2010.05.06"]
[EventType "swiss"]
[EventRounds "7"]
[EventCountry "ITA"]
[SourceTitle "EXT 2024"]
[Source "ChessBase"]
[SourceDate "2023.10.10"]
[SourceVersion "1"]
[SourceVersionDate "2023.10.10"]
[SourceQuality "1"]

1. d4 d5 2. Nf3 Nf6 3. e3 e6 4. c4 c6 5. Bd3 Nbd7 6. b3 Bd6 7. Bb2 b6 8. Nbd2 Bb7 9. cxd5 cxd5 10. Ne5 Rc8 11. 0-0 0-0 12. f4 Ne4 13. Rc1 Qe7 14. Qe2 Nxd2 15. Qxd2 f5 16. Qe2 Nb8 17. g4 Rxc1 18. Rxc1 Rc8 19. gxf5 Rxc1+ 20. Bxc1 Qc7 21. Bb2 exf5 22. Bxf5 Bc8 23. Bd3 Qe7 24. Bc2 Bh3 25. Bxh7+ 1-0

[Event "Napoli Vomero Summer op 4th"]
[Site "Napoli"]
[Date "2010.05.20"]
[Round "3"]
[White "Pinto, Gaetano"]
[Black "Cosenza, Gianni"]
[Result "1/2-1/2"]
[WhiteElo "2048"]
[BlackElo "1899"]
[PlyCount "40"]
[EventDate "2010.05.06"]
[EventType "swiss"]
[EventRounds "7"]
[EventCountry "ITA"]
[SourceTitle "EXT 2024"]
[Source "ChessBase"]
[SourceDate "2023.10.10"]
[SourceVersion "1"]
[SourceVersionDate "2023.10.10"]
[SourceQuality "1"]

1. d4 d5 2. c4 c6 3. cxd5 cxd5 4. Nc3 Nf6 5. Bf4 Nc6 6. e3 a6 7. Bd3 Bg4 8. Nge2 e6 9. Qb3 Ra7 10. f3 Bh5 11. 0-0 Be7 12. Na4 Nd7 13. Rac1 Bg6 14. Bxg6 hxg6 15. e4 dxe4 16. fxe4 Nf6 17. Nac3 Nxd4 18. Qa4+ Nc6 19. Rfd1 Qb6+ 20. Kh1 0-0 1/2-1/2

[Event "Napoli Vomero Summer op 4th"]
[Site "Napoli"]
[Date "2010.05.13"]
[Round "2"]
[White "Caiazzo, Diego"]
[Black "Pinto, Gaetano"]
[Result "1/2-1/2"]
[WhiteElo "1880"]
[BlackElo "2048"]
[PlyCount "91"]
[EventDate "2010.05.06"]
[EventType "swiss"]
[EventRounds "7"]
[EventCountry "ITA"]
[SourceTitle "EXT 2024"]
[Source "ChessBase"]
[SourceDate "2023.10.10"]
[SourceVersion "1"]
[SourceVersionDate "2023.10.10"]
[SourceQuality "1"]

1. Nf3 Nf6 2. b3 d6 3. Bb2 e5 4. e3 Nbd7 5. c4 c6 6. d4 Qc7 7. Be2 Be7 8. 0-0 0-0 9. Nc3 a5 10. dxe5 dxe5 11. Qc2 Re8 12. Nd2 Nc5 13. Nde4 g6 14. Nxc5 Bxc5 15. e4 Bd4 16. Bf3 Be6 17. Ne2 Bxb2 18. Qxb2 Nd7 19. Rfd1 Nc5 20. Qc2 Red8 21. Nc3 Kg7 22. h3 h5 23. Rxd8 Rxd8 24. Rd1 Rd7 25. Qe2 Rxd1+ 26. Qxd1 Qd7 27. Qxd7 Bxd7 28. Be2 Kf6 29. h4 Ke7 30. g3 Kd6 31. f3 b6 32. Kf2 Kc7 33. Ke3 f6 34. g4 Ne6 35. gxh5 gxh5 36. Bf1 Nf4 37. Ne2 Nxe2 38. Bxe2 Kd6 39. a3 Kc5 40. Kd3 Be6 41. Kc3 Bd7 42. b4+ axb4+ 43. axb4+ Kd6 44. Kd3 Be6 45. Ke3 Bf7 46. Kd3 1/2-1/2

[Event "Napoli Vomero Winter 5th"]
[Site "Napoli"]
[Date "2010.02.18"]
[Round "6"]
[White "Pinto, Gaetano"]
[Black "Puglisi, Vincenzo"]
[Result "1-0"]
[WhiteElo "2046"]
[BlackElo "2024"]
[PlyCount "53"]
[EventDate "2010.01.14"]
[EventType "swiss"]
[EventRounds "7"]
[EventCountry "ITA"]
[SourceTitle "EXT 2024"]
[Source "ChessBase"]
[SourceDate "2023.10.10"]
[SourceVersion "1"]
[SourceVersionDate "2023.10.10"]
[SourceQuality "1"]

1. d4 d5 2. c4 c6 3. cxd5 cxd5 4. Nc3 Nf6 5. Bf4 Nc6 6. e3 e6 7. Nf3 Qb6 8. a3 Bd7 9. Bd3 Nh5 10. Na4 Qa5+ 11. b4 Nxb4 12. axb4 Qxb4+ 13. Ke2 Nxf4+ 14. exf4 b5 15. Nb6 Rd8 16. Nxd7 Rxd7 17. Rb1 Rb7 18. Rxb4 Bxb4 19. Qb3 a5 20. Bxb5+ Ke7 21. Bd3 f6 22. Rc1 Rhb8 23. Qa4 Ra7 24. Rb1 g6 25. Ne1 Bd6 26. Rxb8 Bxb8 27. g3 1-0

[Event "Napoli Vomero Natale op 5th"]
[Site "Napoli"]
[Date "2009.12.17"]
[Round "7"]
[White "Borrelli, Salvatore"]
[Black "Pinto, Gaetano"]
[Result "0-1"]
[WhiteElo "1945"]
[BlackElo "2049"]
[PlyCount "114"]
[EventDate "2009.11.05"]
[EventType "swiss"]
[EventRounds "7"]
[EventCountry "ITA"]
[SourceTitle "EXT 2012"]
[Source "ChessBase"]
[SourceDate "2011.11.24"]
[SourceVersion "1"]
[SourceVersionDate "2011.11.24"]
[SourceQuality "1"]

1. d4 d6 2. e4 Nf6 3. Nc3 Nbd7 4. Nf3 e5 5. Bc4 Be7 6. 0-0 0-0 7. Qe2 c6 8. Bg5 b5 9. Bd3 Bb7 10. dxe5 dxe5 11. Rfd1 Qc7 12. Be3 Bc5 13. h3 Rfe8 14. a4 a6 15. Nh4 Bxe3 16. Qxe3 Nf8 17. Nf5 Ne6 18. Ne2 Red8 19. Neg3 Rd7 20. c3 Rad8 21. axb5 cxb5 22. Bc2 Rxd1+ 23. Rxd1 Rxd1+ 24. Bxd1 Qc5 25. Qd3 g6 26. Nh6+ Kg7 27. Ng4 h5 28. Nxf6 Kxf6 29. Bb3 Qe7 30. Nf1 Kg7 31. Nd2 Nf4 32. Qe3 Qg5 33. Qf3 Nxh3+ 34. Qxh3 Qxd2 35. Qf3 f5 36. Qg3 Qe1+ 37. Kh2 Qxe4 38. Qg5 Qf4+ 39. Qxf4 exf4 40. Bd1 Bd5 41. Be2 h4 42. g3 fxg3+ 43. fxg3 hxg3+ 44. Kxg3 Kf6 45. Kf4 g5+ 46. Kg3 Ke5 47. Bh5 f4+ 48. Kf2 Be6 49. Be8 g4 50. Bc6 g3+ 51. Kg1 Bd5 52. Bd7 f3 53. Bc8 a5 54. Ba6 Bc6 55. Bc8 Kf4 56. Bh3 f2+ 57. Kf1 Ke3 0-1

[Event "Napoli Vomero Natale op 5th"]
[Site "Napoli"]
[Date "2009.12.03"]
[Round "5"]
[White "Esposito, Rosario"]
[Black "Pinto, Gaetano"]
[Result "1/2-1/2"]
[WhiteElo "1858"]
[BlackElo "2049"]
[PlyCount "61"]
[EventDate "2009.11.05"]
[EventType "swiss"]
[EventRounds "7"]
[EventCountry "ITA"]
[SourceTitle "EXT 2012"]
[Source "ChessBase"]
[SourceDate "2011.11.24"]
[SourceVersion "1"]
[SourceVersionDate "2011.11.24"]
[SourceQuality "1"]

1. d4 d5 2. c4 c6 3. Nf3 Nf6 4. Nc3 e6 5. Bg5 dxc4 6. e4 b5 7. e5 h6 8. Bh4 g5 9. Nxg5 Nd5 10. Nf3 Qa5 11. Qd2 Bb4 12. Rc1 Nd7 13. Be2 Bb7 14. 0-0 c5 15. Qc2 Bxc3 16. bxc3 Nf4 17. Bg3 Nxe2+ 18. Qxe2 Bd5 19. Rfe1 cxd4 20. cxd4 Rc8 21. Rc2 Nb6 22. Nd2 b4 23. Ne4 Bxe4 24. Qxe4 Nd5 25. Rec1 Qb5 26. f4 c3 27. f5 Ne7 28. fxe6 fxe6 29. Bh4 Qd5 30. Qg4 Kd7 31. Bxe7 1/2-1/2

[Event "Napoli Vomero Natale op 5th"]
[Site "Napoli"]
[Date "2009.11.12"]
[Round "2"]
[White "Pinto, Gaetano"]
[Black "Di Meo, Antonio"]
[Result "1/2-1/2"]
[WhiteElo "2049"]
[BlackElo "1700"]
[PlyCount "71"]
[EventDate "2009.11.05"]
[EventType "swiss"]
[EventRounds "7"]
[EventCountry "ITA"]
[SourceTitle "EXT 2012"]
[Source "ChessBase"]
[SourceDate "2011.11.24"]
[SourceVersion "1"]
[SourceVersionDate "2011.11.24"]
[SourceQuality "1"]

1. e4 c6 2. d3 d5 3. Nd2 g6 4. Ngf3 Bg7 5. g3 Bg4 6. h3 Bd7 7. Bg2 Qc8 8. c3 Na6 9. Qe2 Nc7 10. Nb3 Nf6 11. Nc5 0-0 12. Nxd7 Nxd7 13. 0-0 e5 14. Be3 f5 15. exf5 gxf5 16. Qd2 Qe8 17. Bh6 Qg6 18. Bxg7 Qxg7 19. Qg5 Ne6 20. Qxg7+ Kxg7 21. h4 e4 22. Nd4 Ndc5 23. Nxe6+ Nxe6 24. Rfd1 Nc5 25. Bf1 Rad8 26. b4 Na4 27. Rac1 Rfe8 28. d4 e3 29. Re1 exf2+ 30. Kxf2 Kf6 31. Re3 Rxe3 32. Kxe3 Re8+ 33. Kd2 Rg8 34. Bd3 Rxg3 35. Rf1 Rg2+ 36. Ke3 1/2-1/2

[Event "Napoli Vomero Inverno op 4th"]
[Site "Napoli"]
[Date "2009.02.19"]
[Round "7"]
[White "Pinto, Gaetano"]
[Black "Lombardo, Michele"]
[Result "1/2-1/2"]
[WhiteElo "2044"]
[BlackElo "2021"]
[PlyCount "138"]
[EventDate "2009.01.08"]
[EventType "swiss"]
[EventRounds "7"]
[EventCountry "ITA"]
[SourceTitle "EXT 2011"]
[Source "ChessBase"]
[SourceDate "2010.11.26"]
[SourceVersion "1"]
[SourceVersionDate "2010.11.26"]
[SourceQuality "1"]

1. d4 Nf6 2. Nf3 g6 3. c3 Bg7 4. Bg5 d6 5. Nbd2 c5 6. dxc5 dxc5 7. e4 0-0 8. Be2 Nc6 9. 0-0 Qc7 10. Qc2 b6 11. Rfe1 Bb7 12. a4 a6 13. Nc4 Rfd8 14. Bf1 Rac8 15. h3 h6 16. Be3 Na5 17. Nfd2 Nxc4 18. Bxc4 Qc6 19. Qb3 e6 20. f3 Nd7 21. Bf1 Ne5 22. Nc4 Nxc4 23. Bxc4 g5 24. Red1 Be5 25. h4 gxh4 26. Bxh6 h3 27. g4 Qc7 28. Bg5 Bh2+ 29. Kh1 Rxd1+ 30. Qxd1 Bf4 31. Bf6 Be5 32. Bxe5 Qxe5 33. Qe2 Rd8 34. Rd1 Rxd1+ 35. Qxd1 Qf4 36. Bf1 Qg3 37. Qd8+ Kh7 38. Qf6 Kg8 39. Qg5+ Kf8 40. Qh6+ Ke7 41. Qxh3 Qxh3+ 42. Bxh3 Bc6 43. Bf1 f5 44. gxf5 exf5 45. exf5 Bxf3+ 46. Kh2 Be4 47. Bxa6 Bxf5 48. Kg3 Kd6 49. Kf4 Bc2 50. Bb5 Kd5 51. Ke3 Bg6 52. Bd3 Be8 53. b3 Bh5 54. Kf4 Bd1 55. Bc4+ Kd6 56. Kf5 Bh5 57. Kg5 Be8 58. Kf6 Bh5 59. Kg5 Be8 60. Bg8 Ke5 61. Bh7 Bf7 62. Bc2 Be8 63. Kh6 Kf4 64. Kg7 Ke3 65. Kf8 Bh5 66. b4 Kd2 67. bxc5 bxc5 68. Be4 Kxc3 69. a5 Be2 1/2-1/2

[Event "Napoli Vomero Inverno op 4th"]
[Site "Napoli"]
[Date "2009.02.12"]
[Round "6"]
[White "Schiappoli, Dario"]
[Black "Pinto, Gaetano"]
[Result "0-1"]
[WhiteElo "1966"]
[BlackElo "2044"]
[PlyCount "52"]
[EventDate "2009.01.08"]
[EventType "swiss"]
[EventRounds "7"]
[EventCountry "ITA"]
[SourceTitle "EXT 2011"]
[Source "ChessBase"]
[SourceDate "2010.11.26"]
[SourceVersion "1"]
[SourceVersionDate "2010.11.26"]
[SourceQuality "1"]

1. e4 e6 2. Nf3 d5 3. e5 c5 4. b4 cxb4 5. d4 Bd7 6. Bd3 Ne7 7. h4 h6 8. Nbd2 Nbc6 9. Nf1 a6 10. g4 Na7 11. Bd2 Bb5 12. Bxb4 Nec6 13. Bxf8 Rxf8 14. Ng3 Qa5+ 15. Kf1 Bxd3+ 16. Qxd3 Qb5 17. Ke2 f6 18. exf6 Rxf6 19. Nh5 Rf7 20. Rab1 Qxd3+ 21. cxd3 0-0-0 22. Rhc1 Kb8 23. Ke3 Rdf8 24. Nd2 g6 25. Ng3 e5 26. dxe5 Nxe5 0-1

[Event "Napoli Vomero Inverno op 4th"]
[Site "Napoli"]
[Date "2009.01.08"]
[Round "1"]
[White "Pinto, Gaetano"]
[Black "Solombrino, Giovanni"]
[Result "1-0"]
[WhiteElo "2044"]
[BlackElo "1728"]
[PlyCount "57"]
[EventDate "2009.01.08"]
[EventType "swiss"]
[EventRounds "7"]
[EventCountry "ITA"]
[SourceTitle "EXT 2011"]
[Source "ChessBase"]
[SourceDate "2010.11.26"]
[SourceVersion "1"]
[SourceVersionDate "2010.11.26"]
[SourceQuality "1"]

1. d4 Nf6 2. Nf3 g6 3. c3 d5 4. Bg5 Ne4 5. Bh4 Bg7 6. Nbd2 Nxd2 7. Qxd2 0-0 8. e3 Bf5 9. Be2 Nd7 10. 0-0 Nf6 11. b4 c6 12. a4 a6 13. Qb2 b5 14. Ra3 Ne4 15. Rfa1 Qc7 16. axb5 cxb5 17. Bxb5 a5 18. Nd2 Nxd2 19. Qxd2 Rfb8 20. Bg3 e5 21. Bd3 Bxd3 22. Qxd3 Rd8 23. Rxa5 Rxa5 24. Rxa5 f5 25. dxe5 Qc4 26. Qd4 Qe2 27. h3 Qc4 28. Rc5 Qxd4 29. exd4 1-0

[Event "Napoli Vomero Settembre op 5th"]
[Site "Napoli"]
[Date "2008.10.02"]
[Round "1"]
[White "Pinto, Gaetano"]
[Black "Romano, Filippo"]
[Result "0-1"]
[WhiteElo "2044"]
[BlackElo "1682"]
[PlyCount "68"]
[EventDate "2008.10.02"]
[EventType "swiss"]
[EventRounds "5"]
[EventCountry "ITA"]
[SourceTitle "EXT 2011"]
[Source "ChessBase"]
[SourceDate "2010.11.26"]
[SourceVersion "1"]
[SourceVersionDate "2010.11.26"]
[SourceQuality "1"]

1. d4 d5 2. c4 e6 3. Nc3 Nf6 4. cxd5 exd5 5. Bg5 Be7 6. Qc2 Be6 7. e3 Nbd7 8. Bd3 c6 9. Nge2 h6 10. Bh4 Bd6 11. Bg3 Bxg3 12. hxg3 c5 13. Nf4 0-0 14. Nxe6 fxe6 15. 0-0 Rc8 16. Qe2 a6 17. f4 b5 18. Rae1 Qb6 19. Qf2 Ng4 20. Qf3 Ndf6 21. Ne2 cxd4 22. exd4 e5 23. Bb1 e4 24. Qb3 Rc4 25. Rd1 a5 26. a4 Rb4 27. Qc3 bxa4 28. Ba2 Rb8 29. Rd2 Rxb2 30. Rxb2 Qxb2 31. Rb1 Qxe2 32. Rxb8+ Kh7 33. Qa1 Qe3+ 34. Kh1 Qxg3 0-1

[Event "Napoli Vomero Primavera op-A 5th"]
[Site "Napoli"]
[Date "2008.05.15"]
[Round "7"]
[White "Pinto, Gaetano"]
[Black "Ficco, Corrado"]
[Result "0-1"]
[WhiteElo "2061"]
[BlackElo "2155"]
[PlyCount "78"]
[EventDate "2008.03.27"]
[EventType "swiss"]
[EventRounds "7"]
[EventCountry "ITA"]
[SourceTitle "EXT 2011"]
[Source "ChessBase"]
[SourceDate "2010.11.26"]
[SourceVersion "1"]
[SourceVersionDate "2010.11.26"]
[SourceQuality "1"]

1. d4 e6 2. Nf3 c5 3. e3 Nf6 4. Bd3 Be7 5. Nbd2 0-0 6. c3 Nc6 7. 0-0 d5 8. dxc5 Bxc5 9. e4 Qc7 10. Qe2 Bd6 11. Re1 dxe4 12. Nxe4 Nxe4 13. Qxe4 f5 14. Qh4 e5 15. Ng5 g6 16. Bc4+ Kh8 17. Ne6 Bxe6 18. Bxe6 Qe7 19. Qxe7 Bxe7 20. Bh6 Rfd8 21. Rad1 Rxd1 22. Rxd1 Rd8 23. Rxd8+ Bxd8 24. Kf1 Bf6 25. Ke2 Bg7 26. Be3 b6 27. Kd3 Bf8 28. Kc4 Kg7 29. Kd5 Kf6 30. Kxc6 Kxe6 31. Kb7 f4 32. Bc1 Bc5 33. f3 Be3 34. Kxa7 Bxc1 35. Kxb6 Bxb2 36. c4 Bd4+ 37. Kc6 g5 38. a4 e4 39. fxe4 g4 0-1

[Event "Napoli Vomero Primavera op-A 5th"]
[Site "Napoli"]
[Date "2008.04.03"]
[Round "2"]
[White "Pinto, Gaetano"]
[Black "Schiappoli, Dario"]
[Result "1-0"]
[WhiteElo "2061"]
[BlackElo "1931"]
[PlyCount "57"]
[EventDate "2008.03.27"]
[EventType "swiss"]
[EventRounds "7"]
[EventCountry "ITA"]
[SourceTitle "EXT 2011"]
[Source "ChessBase"]
[SourceDate "2010.11.26"]
[SourceVersion "1"]
[SourceVersionDate "2010.11.26"]
[SourceQuality "1"]

1. d4 Nf6 2. Nf3 c5 3. c3 b6 4. Bf4 Nh5 5. Bc1 Bb7 6. Nbd2 Nf6 7. e3 e6 8. Bd3 d5 9. 0-0 Nbd7 10. Qe2 Ne4 11. Ne5 a6 12. f3 Nef6 13. e4 cxd4 14. cxd4 Nxe5 15. dxe5 dxe4 16. Nxe4 Qd4+ 17. Be3 Qxe5 18. Nxf6+ Qxf6 19. Bxb6 Bd6 20. Rad1 Qe7 21. Bb1 g6 22. Kh1 0-0 23. Be4 Bxe4 24. Qxe4 Rab8 25. Bd4 Rb5 26. Bc3 Rh5 27. h3 Rc8 28. Rfe1 Bb8 29. Qd4 1-0

[Event "Napoli Vomero Inverno op 3rd "]
[Site "Napoli"]
[Date "2008.02.07"]
[Round "5"]
[White "Cosenza, Gianni"]
[Black "Pinto, Gaetano"]
[Result "0-1"]
[WhiteElo "2018"]
[BlackElo "2061"]
[PlyCount "42"]
[EventDate "2008.01.10"]
[EventType "swiss"]
[EventRounds "6"]
[EventCountry "ITA"]
[SourceTitle "EXT 2009"]
[Source "ChessBase"]
[SourceDate "2008.11.26"]
[SourceVersion "1"]
[SourceVersionDate "2008.11.26"]
[SourceQuality "1"]

1. e4 e6 2. d4 d5 3. Nd2 dxe4 4. Nxe4 Nd7 5. Nf3 Ngf6 6. Nxf6+ Nxf6 7. c3 c5 8. Ne5 a6 9. Be3 Qc7 10. Qa4+ Nd7 11. Bb5 cxd4 12. Bxd4 axb5 13. Qxa8 Nxe5 14. 0-0 Bd6 15. Bb6 Qc6 16. a4 0-0 17. Bd4 Bd7 18. axb5 Qxb5 19. Qa2 Bc6 20. Rfe1 Ng4 21. g3 Nxh2 0-1

[Event "Napoli Vomero Natale op 4h"]
[Site "Napoli"]
[Date "2007.12.13"]
[Round "5"]
[White "Longobardi, Giuseppe"]
[Black "Pinto, Gaetano"]
[Result "1-0"]
[WhiteElo "2017"]
[BlackElo "2066"]
[PlyCount "187"]
[EventDate "2007.11.15"]
[EventType "swiss"]
[EventRounds "7"]
[EventCountry "ITA"]
[SourceTitle "EXT 2010"]
[Source "ChessBase"]
[SourceDate "2010.11.25"]
[SourceVersion "1"]
[SourceVersionDate "2010.11.25"]
[SourceQuality "1"]

1. d4 d5 2. c4 c6 3. Nc3 Nf6 4. Nf3 e6 5. e3 Nbd7 6. Bd3 Bd6 7. 0-0 0-0 8. e4 dxe4 9. Nxe4 Nxe4 10. Bxe4 Nf6 11. Bc2 c5 12. Bg5 h6 13. Bh4 cxd4 14. Qxd4 Be7 15. Qxd8 Rxd8 16. Rad1 Bd7 17. Ne5 Be8 18. Rxd8 Rxd8 19. Rd1 Rc8 20. Bd3 Rc5 21. f4 a5 22. b3 Kf8 23. Kf1 Rc8 24. Bf2 a4 25. Bd4 Nh5 26. g3 g5 27. f5 exf5 28. Bxf5 Rd8 29. Ng4 axb3 30. axb3 Rd6 31. Ke2 Ng7 32. Bc8 b5 33. Be5 Rc6 34. Bb7 Rb6 35. Bd5 bxc4 36. bxc4 f5 37. Ne3 Bh5+ 38. Bf3 Bxf3+ 39. Kxf3 Bf6 40. Bxf6 Rxf6 41. Ra1 Kf7 42. Ra7+ Kg6 43. Nd5 Rd6 44. Ne7+ Kf6 45. c5 Re6 46. Ng8+ Kg6 47. c6 Re8 48. Ne7+ Kf6 49. Nd5+ Ke5 50. Nb6 Ne6 51. c7 g4+ 52. Kf2 Nxc7 53. Rxc7 Re6 54. Nc4+ Kd4 55. Ne3 Re5 56. Rd7+ Ke4 57. Ng2 Re6 58. Nf4 Ra6 59. Re7+ Kd4 60. Re6 Ra2+ 61. Ne2+ Kd3 62. Rd6+ Ke4 63. Rxh6 Kd3 64. Rd6+ Ke4 65. Rd4+ Ke5 66. Rc4 Rb2 67. Ke3 Rb3+ 68. Rc3 Rb4 69. Rc5+ Kf6 70. Nd4 Kg6 71. Rxf5 Rb2 72. Rf2 Rb1 73. Kf4 Kh5 74. Re2 Rf1+ 75. Ke3 Ra1 76. Rc2 Re1+ 77. Ne2 Rh1 78. Rd2 Kg5 79. Nd4 Re1+ 80. Re2 Ra1 81. Ne6+ Kf5 82. Nf4 Ra4 83. Rd2 Re4+ 84. Kf2 Ra4 85. Rd5+ Kf6 86. Ke3 Ra2 87. Rd2 Ra4 88. Nd3 Kf5 89. Rf2+ Kg5 90. Rf4 Ra2 91. Nf2 Ra3+ 92. Ke2 Ra2+ 93. Kf1 Ra1+ 94. Kg2 1-0

[Event "Napoli Vomero Natale op 4h"]
[Site "Napoli"]
[Date "2007.11.29"]
[Round "3"]
[White "Ficco, Corrado"]
[Black "Pinto, Gaetano"]
[Result "1/2-1/2"]
[WhiteElo "2151"]
[BlackElo "2066"]
[PlyCount "193"]
[EventDate "2007.11.15"]
[EventType "swiss"]
[EventRounds "7"]
[EventCountry "ITA"]
[SourceTitle "EXT 2010"]
[Source "ChessBase"]
[SourceDate "2010.11.25"]
[SourceVersion "1"]
[SourceVersionDate "2010.11.25"]
[SourceQuality "1"]

1. e4 d6 2. d4 Nf6 3. Nc3 e5 4. Nf3 Nbd7 5. Bc4 Be7 6. 0-0 0-0 7. Re1 c6 8. a4 b6 9. b3 Bb7 10. Bb2 a6 11. Qd2 Qc7 12. Bf1 Rfe8 13. Rad1 Rad8 14. g3 Bf8 15. Bg2 b5 16. axb5 axb5 17. Nh4 Qb6 18. d5 cxd5 19. Nxd5 Nxd5 20. exd5 g6 21. Bc3 Ra8 22. Ra1 Rec8 23. Bh3 Qd8 24. Ba5 Qe8 25. Bb4 Rc7 26. f4 Rxa1 27. Rxa1 exf4 28. gxf4 Nf6 29. Bg2 Qc8 30. c3 Qg4 31. Nf3 Bxd5 32. Nd4 Re7 33. Rf1 Re8 34. Kh1 Ne4 35. Qc2 Bh6 36. Bxd6 Nxc3 37. Bxd5 Nxd5 38. Qc6 Nf6 39. Be5 Rxe5 40. fxe5 Qe4+ 41. Qxe4 Nxe4 42. Re1 Nc5 43. Rb1 b4 44. Kg2 Bg7 45. Nc6 Nd3 46. Kf3 Nxe5+ 47. Nxe5 Bxe5 48. h3 Kg7 49. Ke4 Bc3 50. Rd1 h5 51. Rd7 Kf6 52. Rc7 Ke6 53. Rc6+ Ke7 54. Kd5 Kd7 55. Ra6 Ke7 56. Ra7+ Kf6 57. Rc7 g5 58. Ke4 Kg6 59. Rc6+ f6 60. Rc5 Be1 61. Kf3 Bc3 62. Ke4 Be1 63. Rc1 Bd2 64. Rc2 Be1 65. Re2 Bc3 66. Kd5 Kf5 67. Rf2+ Kg6 68. Ke4 Be1 69. Rf1 Bd2 70. Kd3 Bc3 71. Kc4 Kf7 72. Kd5 Kg6 73. Ke4 Bd2 74. Rd1 Bc3 75. Rd6 Be1 76. Re6 Bd2 77. Kd5 Kf5 78. Re2 Bc3 79. Rf2+ Kg6 80. Ke6 Kg7 81. Kf5 h4 82. Ra2 Kf7 83. Ra7+ Kf8 84. Rb7 Ke8 85. Ke6 Kf8 86. Re7 Bb2 87. Rf7+ Kg8 88. Rb7 Bc3 89. Kf5 Kf8 90. Kg6 Ke8 91. Kh6 Kf8 92. Kh7 Be1 93. Kg6 Bc3 94. Rf7+ Kg8 95. Re7 Kf8 96. Re4 Bb2 97. Rxb4 1/2-1/2

[Event "Napoli Vomero Natale op 4h"]
[Site "Napoli"]
[Date "2007.11.22"]
[Round "2"]
[White "Pinto, Gaetano"]
[Black "Gallo, Thomas Renato"]
[Result "1-0"]
[WhiteElo "2066"]
[BlackElo "1896"]
[PlyCount "137"]
[EventDate "2007.11.15"]
[EventType "swiss"]
[EventRounds "7"]
[EventCountry "ITA"]
[SourceTitle "EXT 2010"]
[Source "ChessBase"]
[SourceDate "2010.11.25"]
[SourceVersion "1"]
[SourceVersionDate "2010.11.25"]
[SourceQuality "1"]

1. Nf3 Nf6 2. d4 e6 3. Nbd2 d5 4. e3 Bd6 5. Bd3 c5 6. c3 0-0 7. Qe2 Re8 8. 0-0 Nbd7 9. e4 e5 10. dxe5 Nxe5 11. Nxe5 Bxe5 12. f4 dxe4 13. Bb5 Bc7 14. Bxe8 Qxe8 15. Nc4 Bg4 16. Qf2 Rc8 17. Ne3 Bd7 18. c4 Qe6 19. Bd2 Re8 20. Rae1 b5 21. b3 Ng4 22. Qe2 Nxe3 23. Bxe3 bxc4 24. Qxc4 Qxc4 25. bxc4 Bb6 26. f5 Ba4 27. Re2 Rd8 28. Rd2 Rxd2 29. Bxd2 Bc2 30. Rc1 Bd3 31. a4 Bc7 32. Be3 Bd6 33. Kf2 h5 34. h3 a6 35. Rc3 f6 36. Rxd3 exd3 37. Kf3 Kf7 38. Ke4 Ke7 39. Kxd3 Kd7 40. Ke4 Kc6 41. Bd2 Bc7 42. Be1 Bb6 43. Bg3 Bd8 44. Bf4 Be7 45. Kf3 Kb6 46. Bd2 Bd6 47. Ke4 Kc6 48. Ba5 Be7 49. Kf4 Bd6+ 50. Ke4 Be7 51. Kf4 Bd6+ 52. Kf3 Be7 53. Kg3 Kd6 54. Bc3 Bd8 55. Kh4 Ke7 56. Kxh5 Kf7 57. Bd2 Bc7 58. Be3 Bd6 59. g4 Be7 60. Bf4 Bd8 61. Bd6 Bb6 62. h4 Ba7 63. Bc7 Kg8 64. Kg6 Kh8 65. Kf7 Kh7 66. g5 fxg5 67. hxg5 a5 68. Be5 Bb6 69. Bxg7 1-0